Statistics for Country Abbreviations #3

Click here to take the quiz!

General Stats

  • This quiz has been taken 39 times
  • The average score is 15 of 20

Answer Stats

HintAnswer% Correct
POLPoland
100%
UKRUkraine
100%
MWIMalawi
97%
UZBUzbekistan
97%
DJIDjibouti
94%
NLDNetherlands
94%
KIRKiribati
88%
ROURomania
88%
BGRBulgaria
82%
GRDGrenada
82%
MRTMauritania
82%
SSDSouth Sudan
73%
ATGAntigua and Barbuda
61%
BFABurkina Faso
61%
CPVCape Verde
61%
GINGuinea
61%
SMRSan Marino
61%
CRICosta Rica
52%
AREUnited Arab Emirates
15%
KNASaint Kitts and Nevis
12%

Score Distribution

Percentile by Number Answered

Percent of People with Each Score

Your Score History

You have not taken this quiz